| 000 | 01085nam a2200325 i 4500 | ||
|---|---|---|---|
| 999 |
_c200452851 _d71063 |
||
| 001 | 200452851 | ||
| 003 | TR-AnTOB | ||
| 005 | 20230410153851.0 | ||
| 007 | ta | ||
| 008 | 230406s2023 tu ad 000 0 tur d | ||
| 020 | _a9786258164060 | ||
| 040 |
_aTR-AnTOB _beng _erda _cTR-AnTOB _dTR-AnTOB |
||
| 041 | 1 |
_aeng _htur |
|
| 050 | 1 | 4 |
_aJS6953.A2 _bL6313 2023 |
| 090 |
_aJS6953.A2 _bL6313 2023 |
||
| 245 | 0 | 0 |
_aLocal diplomacy : _bpolicies, practices and tools / _cEditörler: M. Cemil Arslan, Burcuhan Şener ; çeviren: Selen Birce Yılmaz. |
| 250 | _aFirst edition | ||
| 264 | 1 |
_aİstanbul : _bMarmara Municipalities Union Publications, _c2023. |
|
| 300 |
_a220 pages : _billustrations, graphs ; _c21 cm |
||
| 336 |
_atext _btxt _2rdacontent |
||
| 337 |
_aunmediated _bn _2rdamedia |
||
| 338 |
_avolume _bnc _2rdacarrier |
||
| 504 | _aBIB | ||
| 650 | 0 |
_aLocal government _949222 |
|
| 700 | 1 |
_aArslan, M. Cemil _eeditor _9123812 |
|
| 700 | 1 |
_aŞener, Burcuhan _eeditor _9140164 |
|
| 700 | 1 |
_aYılmaz, Selen Birce _etranslator _9141597 |
|
| 942 |
_2lcc _cBK |
||